[Event "7th Gibtelecom Masters"]
[Site "Caleta ENG"]
[Date "2009.02.03"]
[Round "8"]
[White "Van den Bersselaar,J"]
[Black "Dimitrijevic,Dragan"]
[Result "1-0"]
[WhiteElo "2192"]
[BlackElo "2069"]

1.d4 Nf6 2.c4 e6 3.Nf3 b6 4.a3 Bb7 5.Nc3 c5 6.d5 exd5 7.cxd5 d6 8.e4 Be7
9.Bd3 O-O 10.O-O Nbd7 11.h3 Ne5 12.Nxe5 dxe5 13.f4 Nd7 14.Bb5 Bf6 15.f5 a6
16.Bxd7 Qxd7 17.Be3 Rac8 18.Qd2 b5 19.Nd1 Be7 20.f6 Bxf6 21.Rxf6 gxf6 22.Bh6 Kh8
23.Bxf8 Rxf8 24.Qh6 Qd8 25.Ne3 Rg8 26.Rf1 Rg6 27.Qh4 Bc8 28.a4 c4 29.Kh2 Qb6
30.Nf5 Bxf5 31.Rxf5 Kg7 32.Qf2 Qd4 33.Qxd4 exd4 34.d6 Kf8 35.axb5 axb5 36.Rxb5 Ke8
37.Rc5 d3 38.Rxc4 Rg5 39.Rd4 Rb5 40.d7+ Kd8 41.Rxd3 Rxb2 42.Kg3 Rb5 43.Kf4 Rb2
44.g4 Rf2+ 45.Kg3 Re2 46.Kh4 Rxe4 47.Kh5 Re6 48.Kh6 f5+ 49.Kxh7 fxg4 50.hxg4 Rf6
51.Rd4 Rf2 52.Kg7 f6 53.Kg6 Rf1 54.Kf7 Rf2 55.Ke6 Rf1 56.Ra4 Re1+ 57.Kxf6 Kxd7
58.g5 Rf1+ 59.Kg7 Ke7 60.Re4+ Kd8 61.g6 Rg1 62.Kf7 Rf1+ 63.Kg8 Kd7 64.g7 Rf2
65.Kh7 Rh2+ 66.Kg6 Rg2+ 67.Kf6 Rf2+ 68.Kg5  1-0

[Event "7th Gibtelecom Masters"]
[Site "Caleta ENG"]
[Date "2009.02.04"]
[Round "9"]
[White "Hagen,Ande"]
[Black "Spence,D"]
[Result "1/2-1/2"]
[WhiteElo "2110"]
[BlackElo "2223"]

1.d4 e6 2.c4 Nf6 3.Nf3 b6 4.a3 Bb7 5.Nc3 Be7 6.Qc2 d5 7.cxd5 Nxd5 8.e4 Nxc3
9.bxc3 Nd7 10.Bd3 c5 11.O-O Rc8 12.Qe2 O-O 13.e5 cxd4 14.cxd4 Nb8 15.Be3 Rc3
16.Rfc1 Rxc1+ 17.Rxc1 Bd5 18.Qc2 h6 19.Qd2 Nc6 20.Bb1 f5 21.exf6 Bxf6 22.Qd3 Bxf3
23.Qh7+ Kf7 24.Qg6+ Ke7 25.gxf3 Nxd4 26.Bxd4 Bxd4 27.Ba2 Rf6 28.Qxg7+ Kd6
29.Rd1 Kc5 30.Kh1 e5 31.Qb7 Kd6 32.Rg1 Qe7 33.Qd5+ Kc7 34.Qg8 Rf8 35.Qd5 Kb8
36.Bb1  1/2-1/2

[Event "7th Gibtelecom Masters"]
[Site "Caleta ENG"]
[Date "2009.02.04"]
[Round "9"]
[White "Sachdev,T"]
[Black "Csonka,A1"]
[Result "1-0"]
[WhiteElo "2435"]
[BlackElo "2289"]

1.d4 Nf6 2.c4 e6 3.Nf3 b6 4.a3 Ba6 5.Qc2 c5 6.e4 cxd4 7.Nxd4 Bb7 8.Bd3 Nc6
9.Nf3 Bc5 10.O-O Nd4 11.Nxd4 Bxd4 12.Nd2 Qc7 13.Nf3 Be5 14.Nxe5 Qxe5 15.f3 Rc8
16.Qe2 O-O 17.Be3 Qh5 18.Bd4 d5 19.cxd5 exd5 20.e5 Rfe8 21.Bb5 Re7 22.Rac1 Rd8
23.Qf2 Ne8 24.f4 Qf5 25.Qh4 Kf8 26.Bc3 a5 27.Bd4 Nc7 28.Rxc7  1-0

[Event "14th HIT Open"]
[Site "Nova Gorica SLO"]
[Date "2009.02.04"]
[Round "6"]
[White "Jovanic,O"]
[Black "Zorko,Ju"]
[Result "1-0"]
[WhiteElo "2527"]
[BlackElo "2396"]

1.d4 Nf6 2.c4 e6 3.Nf3 b6 4.a3 Bb7 5.Nc3 d5 6.cxd5 Nxd5 7.Qc2 Nxc3 8.bxc3 Be7
9.e4 O-O 10.Bd3 c5 11.O-O Qc7 12.Qe2 Nc6 13.Bb2 Rfd8 14.Rad1 Na5 15.Rfe1 Rac8
16.h4 Bc6 17.Ba6 Bb7 18.Bb5 cxd4 19.cxd4 Qc2 20.Rd2 Qc7 21.Bd3 Qf4 22.Rdd1 Qg4
23.Qe3 Bxh4 24.Ne5 Qh5 25.Qh3 Qh6 26.Ng4 Qg5 27.g3 f5 28.exf5 exf5 29.Ne5  1-0

[Event "2nd Pfalz Open"]
[Site "Neustadt an der Weinstrasse GER"]
[Date "2009.02.20"]
[Round "7"]
[White "Galdunts,S"]
[Black "Sulskis,S"]
[Result "1/2-1/2"]
[WhiteElo "2437"]
[BlackElo "2573"]

1.d4 Nf6 2.c4 e6 3.Nf3 b6 4.a3 Ba6 5.Qc2 Bb7 6.Nc3 c5 7.e4 cxd4 8.Nxd4 Nc6
9.Nxc6 Bxc6 10.Bf4 Nh5 11.Be3 Bc5 12.Qe2 Bxe3 13.Qxe3 e5 14.g3 h6 15.Be2 Qg5
16.Qd3 Nf6 17.h4 Qg6 18.Bf3 O-O 19.O-O Rfd8 20.Qd6 Rac8 21.Rac1 Re8 22.Nd5 Kh8
23.Ne7 Rxe7 24.Qxe7 Nxe4 25.Qxe5 Nd2 26.Bxc6 Qxc6 27.Qd5 Nxf1 28.Qxc6 Rxc6
29.Kxf1 d5 30.b3 dxc4 31.bxc4 g5 32.hxg5 hxg5 33.Ke2 Rc5 34.g4 Kg7 35.Kd3 f5
36.gxf5 Rxf5 37.Ke3 Kf6 38.Rd1 g4 39.Rd4 Rf3+ 40.Ke2 Kg5 41.c5 bxc5 42.Rd5+ Kh4
43.Rxc5 Rxa3 44.Kf1 a5 45.Kg2 a4 46.Ra5 Ra1 47.Ra8 a3 48.Ra5 Ra2 49.Ra8 Kg5
50.Kg3 Kf5 51.Ra5+ Ke4 52.Kxg4 Kd3  1/2-1/2

[Event "Masters"]
[Site "Bunratty IRL"]
[Date "2009.02.22"]
[Round "5"]
[White "Short,P"]
[Black "Daly,J"]
[Result "1-0"]
[WhiteElo "2309"]
[BlackElo "2003"]

1.d4 Nf6 2.c4 e6 3.Nf3 b6 4.a3 Ba6 5.Qc2 Bb7 6.Nc3 d5 7.cxd5 exd5 8.Bf4 c6
9.e3 Bd6 10.Bg3 O-O 11.Bd3 Re8 12.Bh4 h6 13.O-O-O Nbd7 14.g4 Be7 15.Bxf6 Bxf6
16.h4 Be7 17.g5 h5 18.g6 f6 19.Be2 b5 20.Qf5 Nf8 21.Qxh5 b4 22.Ng5 fxg5 23.hxg5 Nxg6
24.Qxg6 Bxg5 25.Bd3 Qf6 26.Rh8+  1-0

[Event "25th Open"]
[Site "Cappelle la Grande FRA"]
[Date "2009.03.02"]
[Round "3"]
[White "Delort,F"]
[Black "Danielian,O"]
[Result "0-1"]
[WhiteElo "2216"]
[BlackElo "2519"]

1.d4 e6 2.c4 Nf6 3.Nf3 b6 4.a3 Bb7 5.Nc3 d5 6.cxd5 Nxd5 7.Qc2 Nxc3 8.bxc3 Be7
9.e4 O-O 10.Bd3 c5 11.O-O Qc8 12.Qa2 Rd8 13.Rd1 Ba6 14.Bb2 Nd7 15.Rac1 Bxd3
16.Rxd3 Nf6 17.Re3 Qb7 18.Rce1 Rac8 19.Qb3 Qc7 20.R3e2 Bf8 21.Ne5 Nd7 22.Nf3 a6
23.g3 h6 24.Kg2 Qb7 25.h4 Qc6 26.Rc1 b5 27.a4 bxa4 28.Qa2 cxd4 29.cxd4 Qb5
30.Re3 Nb6 31.Rec3 Rxc3 32.Rxc3 Bb4 33.Rc7 Bd6 34.Rc3 Qe2 35.Rc6 Rb8 36.Rxd6 Nc4
37.Rxa6 Ne3+  0-1

[Event "10th EICC"]
[Site "Budva MNE"]
[Date "2009.03.10"]
[Round "5"]
[White "Sanikidze,T"]
[Black "L'Ami,E"]
[Result "1/2-1/2"]
[WhiteElo "2522"]
[BlackElo "2603"]

1.d4 Nf6 2.c4 e6 3.Nf3 b6 4.a3 Ba6 5.Qb3 Be7 6.Nc3 d5 7.cxd5 Nxd5 8.e4 Bxf1
9.Rxf1 Nxc3 10.Qxc3 O-O 11.Bf4 c5 12.O-O-O cxd4 13.Nxd4 Qc8 14.Qxc8 Rxc8+
15.Kb1 a6 16.Rd2 Kf8 17.Rfd1 Ke8 18.Nf3 Nc6 19.Rc2 f6 20.Rdc1 Kd7 21.Nd2 e5
22.Be3 b5 23.Nb3 Nd8 24.Bc5 Bxc5 25.Nxc5+ Ke7 26.Nd3 Rxc2 27.Rxc2 Kd6 28.Nb4 a5
29.Rd2+ Kc5 30.Rd5+ Kb6 31.Nc2 Nc6 32.Ne3  1/2-1/2

[Event "FIDE Women's Grand Prix"]
[Site "Instanbul TUR"]
[Date "2009.03.10"]
[Round "4"]
[White "Cramling,P"]
[Black "Hou Yifan"]
[Result "0-1"]
[WhiteElo "2548"]
[BlackElo "2571"]

1.d4 Nf6 2.Nf3 e6 3.c4 b6 4.a3 Bb7 5.Nc3 d5 6.cxd5 Nxd5 7.e3 g6 8.Bb5+ c6
9.Bd3 Bg7 10.Na4 Qc7 11.O-O O-O 12.e4 Nf4 13.Bc2 Nd7 14.Nc3 c5 15.Nb5 Qb8
16.Be3 cxd4 17.Nfxd4 Rd8 18.Qf3 Nh5 19.Rfd1 a6 20.Nc3 Qc7 21.Qe2 b5 22.Rac1 Rac8
23.Bb1 Qb8 24.Ba2 Nc5 25.Bb1 Nxe4 26.Ndxb5 Nef6 27.Nd4 Nf4 28.Bxf4 Qxf4 29.g3 Qh6
30.Nb3 Qh3 31.f3 Bh6 32.Rxd8+ Rxd8 33.Rd1 Rxd1+ 34.Nxd1 Qh5 35.Kg2 Qd5 36.Bc2 Ng4
37.Na1 Qd6 38.Nb3 f5 39.Qd3 Qb6 40.Qd4 Qc7 41.Qc3 Qd6 42.Nc5 Bd5 43.Nd3 Qd8
44.Nb4 Bd2 45.Qc5 Bxb4 46.Qxb4 Ne5 47.Ne3 Bxf3+ 48.Kf1 Bc6 49.Qc3 Qd6 50.Bd1 Nd7
51.b4 f4 52.gxf4 Qxf4+ 53.Ke1 Qh4+ 54.Kf1 Qe4 55.Ke1 Qh4+ 56.Kf1 Bb5+ 57.Kg1 Qg5+
58.Kf2 Qf4+ 59.Kg1 Qg5+ 60.Kf2 Qf4+ 61.Kg1 Ne5 62.Qc8+ Kg7 63.Qc7+ Bd7 64.Qc3 Kg8
65.Ng2 Qf6 66.Qc7 Bb5 67.Qb8+ Kg7 68.Qa7+ Nf7 69.Ne3 Qc3 70.Qc5 Qxa3 71.Bg4 Qa1+
72.Kf2 Qf6+ 73.Ke1 h5  0-1

[Event "FSGM March"]
[Site "Budapest HUN"]
[Date "2009.03.15"]
[Round "9"]
[White "Kosic,D"]
[Black "Agopov,M"]
[Result "0-1"]
[WhiteElo "2521"]
[BlackElo "2433"]

1.d4 Nf6 2.Nf3 e6 3.c4 b6 4.a3 Bb7 5.Nc3 d5 6.Bg5 Be7 7.Bxf6 Bxf6 8.cxd5 exd5
9.Qa4+ Qd7 10.Qxd7+ Kxd7 11.g3 Re8 12.Bg2 Na6 13.O-O Rad8 14.Rac1 c6 15.Rfd1 Nc7
16.e3 Kc8 17.b4 Kb8 18.Bf1 Be7 19.Rb1 Ne6 20.a4 f6 21.a5 Bd6 22.b5 Bc7 23.bxc6 Bxc6
24.axb6 Bxb6 25.Bb5 Bxb5 26.Rxb5 Nc7 27.Rb3 Re6 28.Ne1 Rc6 29.Nd3 g5 30.Ra1 Kc8
31.Na4 Kd7 32.Nac5+ Kc8 33.Nb4 Rcd6 34.Rc1 Kb8 35.Na4 Kb7 36.Nd3 Ne6 37.Ndc5+ Kb8
38.Kg2 h5 39.h3 Rc8 40.f4 Ka8 41.Nxb6+ axb6 42.Ra1+ Kb8 43.Na6+ Kb7 44.Nb4 gxf4
45.gxf4 Rg8+ 46.Kf2 f5 47.Rbb1 Nc7 48.Rg1 Rdg6 49.Rxg6 Rxg6 50.Rc1 h4 51.Nd3 Rg3
52.Rh1 Ne8 53.Rg1 Rxh3 54.Rg6 b5 55.Nc5+ Kc7 56.Re6 Nd6 57.Na6+ Kd7 58.Nc5+ Kc6
59.Kg2 Rg3+ 60.Kh2 b4 61.Kh1 Rg8 62.Kh2 Rb8 63.Nb3 Rb6 64.Re7 Kb5 65.Re5 Kc4
66.Na5+ Kc3 67.Rxd5 b3 68.Nxb3 Kxb3 69.Kh3 Kc4 70.Re5 Rb5 71.Kxh4 Kd3 72.Kh5 Rb6
73.Re6 Nc4 74.d5 Rb5 75.d6 Rd5 76.Kg6 Nxe3 77.Kf6 Rd4 78.Ke7 Nd5+ 79.Kf7 Nb6
80.Re5 Nc4 81.Re1 Rxd6  0-1

[Event "TCh-AUT 1st Bundesliga 2008-9"]
[Site "Ansfelden AUT"]
[Date "2009.03.21"]
[Round "10"]
[White "Novkovic,Mi"]
[Black "Chernin,A"]
[Result "0-1"]
[WhiteElo "2407"]
[BlackElo "2593"]

1.d4 Nf6 2.c4 e6 3.Nf3 b6 4.a3 Ba6 5.Qc2 Bb7 6.Nc3 c5 7.e4 cxd4 8.Nxd4 d6
9.Be2 Nbd7 10.Be3 Be7 11.f4 O-O 12.f5 exf5 13.Nxf5 g6 14.Ng3 Ne5 15.O-O Rc8
16.b3 a6 17.a4 Nfd7 18.Qd2 Nc5 19.Bd1 h5 20.Bc2 Ng4 21.Nd5 Nxe3 22.Qxe3 Bg5
23.Qf3 Nd7 24.Nxh5 Bxd5 25.exd5 b5 26.axb5 axb5 27.Ng3 bxc4 28.bxc4 Rxc4
29.Qe2 Rc7 30.Ne4 Nc5 31.Nxc5 Rxc5 32.Rad1 Re8 33.Qf3 Qc7 34.Bb1 Kg7 35.g3 Re5
36.h4 Be3+ 37.Kh1 Qe7 38.Rd3 Rb5 39.Qg2 Rb4 40.Ra3 Qb7 41.Bd3 Qe7 42.Ra2 Rh5
43.Re2 Rbxh4+ 44.gxh4 Rxh4+ 45.Qh2 Rxh2+ 46.Kxh2 Qh4+  0-1

[Event "Spring Open"]
[Site "Belgrade SRB"]
[Date "2009.03.21"]
[Round "1"]
[White "Jovicic,R"]
[Black "Nenezic,Z"]
[Result "0-1"]
[WhiteElo "2234"]
[BlackElo "1872"]

1.d4 Nf6 2.c4 e6 3.Nf3 b6 4.a3 Ba6 5.Qb3 d5 6.cxd5 Qxd5 7.Qc2 Ne4 8.Qxc7 Nd7
9.Nc3 Nxc3 10.bxc3 Bd6  0-1

[Event "TCh-HUN 2008-9"]
[Site "Decs HUN"]
[Date "2009.04.05"]
[Round "10"]
[White "Kerek,C"]
[Black "Eltigani,O"]
[Result "0-1"]
[WhiteElo "2293"]
[BlackElo "2083"]

1.d4 Nf6 2.c4 e6 3.Nf3 b6 4.a3 Bb7 5.Nc3 d5 6.Bg5 Be7 7.Qa4+ Nbd7 8.Bxf6 Bxf6
9.cxd5 exd5 10.g3 O-O 11.Bh3 Nb8 12.O-O c5 13.Rfd1 c4 14.Qc2 Re8 15.b3 Nc6
16.e3 cxb3 17.Qxb3 Na5 18.Qa2 Nc4 19.Rac1 Be7 20.a4 Bc8 21.Bg2 Ba3 22.Rc2 Bf5
23.Re2 Rc8 24.Nxd5 Qxd5 25.Ne5 Qe6 26.Nxc4 Qxc4  0-1

[Event "11th European Senior Team"]
[Site "Velden AUT"]
[Date "2009.04.07"]
[Round "3"]
[White "Stull,N"]
[Black "Boehlig,H"]
[Result "1/2-1/2"]
[WhiteElo "2164"]
[BlackElo "2261"]

1.d4 Nf6 2.c4 e6 3.Nf3 b6 4.a3 Be7 5.d5 O-O 6.Nc3 Re8 7.g3 Ba6 8.Nd2 exd5
9.cxd5 c5 10.Bg2 d6 11.O-O Bf8 12.b4 Nbd7 13.Bb2 g6 14.b5 Bb7 15.Nc4 Qe7
16.Qc2 Bg7 17.e4 Ne5 18.Nxe5 dxe5 19.Nd1 Rf8 20.Ne3 Ne8 21.Nc4 Nd6 22.Nxd6 Qxd6
23.f4 a6 24.a4 axb5 25.axb5 Rxa1 26.Bxa1 Rc8 27.Qc4 Rc7 28.Bc3  1/2-1/2

[Event "Arnold Eikrem Memorial"]
[Site "Oslo NOR"]
[Date "2009.04.08"]
[Round "5"]
[White "Johannessen,LE"]
[Black "Hammer,J"]
[Result "1/2-1/2"]
[WhiteElo "2540"]
[BlackElo "2566"]

1.d4 Nf6 2.c4 e6 3.Nf3 b6 4.a3 Ba6 5.Qc2 Bb7 6.Nc3 c5 7.e4 cxd4 8.Nxd4 Bc5
9.Nb3 Nc6 10.Bg5 h6 11.Bh4 Nd4 12.Nxd4 Bxd4 13.Bd3 Qb8 14.Bg3 Be5 15.O-O-O O-O
16.Kb1 a6 17.Rhe1 b5 18.cxb5 axb5 19.Nxb5 Bxg3 20.hxg3 Bc6 21.a4 Qb6 22.b3 Rfb8
23.Rc1 Qa5 24.Qc5 Nxe4 25.Rxe4 Rxb5 26.Bxb5 Bxe4+ 27.Kb2 Qd2+ 28.Ka3 Bxg2
29.Rc2 Qd1 30.Rc1 Qd2 31.Rc2 Qd1 32.Rc1  1/2-1/2

[Event "XXVII Open"]
[Site "Metz FRA"]
[Date "2009.04.13"]
[Round "4"]
[White "Eingorn,V"]
[Black "Spraggett,K"]
[Result "1/2-1/2"]
[WhiteElo "2560"]
[BlackElo "2601"]

1.d4 Nf6 2.Nf3 e6 3.c4 b6 4.a3 Bb7 5.Nc3 d5 6.cxd5 exd5 7.g3 Be7 8.Qa4+ c6
9.Bg2 O-O 10.O-O Nbd7 11.Rd1 Re8 12.Bf4 Nh5 13.Bd2 Bd6 14.Bg5 Ndf6 15.e3 h6
16.Bxf6 Nxf6 17.Rac1 a5 18.Qc2 Rc8 19.Nh4 Bf8 20.Nf3 Bd6 21.Nh4 Bf8  1/2-1/2

[Event "Sydney International Open"]
[Site "Parramatta AUS"]
[Date "2009.04.16"]
[Round "4"]
[White "Abbott,P"]
[Black "Voon,R"]
[Result "1-0"]
[WhiteElo "1893"]
[BlackElo "2006"]

1.d4 Nf6 2.c4 e6 3.Nf3 b6 4.a3 Ba6 5.Qc2 c5 6.g3 Be7 7.Bg2 Bb7 8.O-O Be4
9.Qd1 Nc6 10.Nc3 Bxf3 11.Bxf3 cxd4 12.Nb1 a5 13.b3 O-O 14.Bb2 e5 15.Nd2 Rc8
16.Bg2 d6 17.Rc1 Nd7 18.f4 f5 19.Nf3 Bf6 20.e3 exf4 21.exf4 Nc5 22.Rb1 d3
23.Ne1 Qe7 24.Kh1 Qe2 25.Qxe2 dxe2 26.Rf2 Bxb2 27.Bxc6 Bxa3 28.Bd5+ Kh8 29.Rxe2 Rce8
30.Rxe8 Rxe8 31.Nf3 Re3 32.Nd4 g6 33.Nc2 Rxb3 34.Rxb3 Nxb3 35.Nxa3 Nc5 36.Kg2 Kg7
37.Kf3 Kf6 38.Ke3 h6 39.Bc6 g5 40.Nb5 Ke6 41.Nc3 g4 42.Na4 Na6 43.Nxb6 Nb4
44.Bd7+ Kf6 45.Nd5+ Kg6 46.Nxb4 axb4 47.Kd2 h5 48.Kc2 h4 49.Kb3  1-0

[Event "2nd Mayors Cup"]
[Site "Mumbai IND"]
[Date "2009.05.02"]
[Round "2"]
[White "Abhilash,R"]
[Black "Kostenko,P"]
[Result "0-1"]
[WhiteElo "2121"]
[BlackElo "2490"]

1.d4 Nf6 2.Nf3 e6 3.c4 b6 4.a3 c5 5.d5 Ba6 6.Qc2 exd5 7.cxd5 g6 8.Nc3 Bg7
9.e4 Bxf1 10.Kxf1 d6 11.Bf4 O-O 12.h3 Qe7 13.Re1 Nbd7 14.g3 a6 15.a4 Ne8
16.Bg5 f6 17.Bf4 Nc7 18.h4 Ne5 19.Qe2 Nf7 20.Kg2 Qd7 21.Qc2 b5 22.Nd2 f5
23.f3 fxe4 24.fxe4 Be5 25.Bxe5 Nxe5 26.Ne2 Ng4 27.Qd3 bxa4 28.h5 g5 29.h6 Rab8
30.Rhf1 Rf5 31.Rh1 Qg7 32.Rhf1 Rf2+  0-1

[Event "2nd Mayors Cup"]
[Site "Mumbai IND"]
[Date "2009.05.02"]
[Round "2"]
[White "Abhilash,R"]
[Black "Kostenko,P"]
[Result "0-1"]
[WhiteElo "2121"]
[BlackElo "2490"]

1.d4 Nf6 2.Nf3 e6 3.c4 b6 4.a3 c5 5.d5 Ba6 6.Qc2 exd5 7.cxd5 g6 8.Nc3 Bg7
9.e4 Bxf1 10.Kxf1 d6 11.Bf4 O-O 12.h3 Qe7 13.Re1 Nbd7 14.g3 a6 15.a4 Ne8
16.Bg5 f6 17.Bf4 Nc7 18.h4 Ne5 19.Qe2 Nf7 20.Kg2 Qd7 21.Ra1 Rfe8 22.Qc2 b5
23.Nd2 f5 24.f3 fxe4 25.fxe4 Be5 26.Bxe5 Nxe5 27.Ne2 Ng4 28.Qd3 bxa4 29.h5 g5
30.h6 Ne5 31.Qe3 Qg4 32.Nc3 Rab8 33.Rab1 Rb4 34.Rhf1 Ng6 35.Kh2 Reb8 36.Rf5 Qh5+
37.Kg2 Qxh6 38.Rh1 Qg7 39.Nd1 h6 40.Rhf1 Rf8 41.Rxf8+ Nxf8 42.Nf3 Nd7 43.Rf2 Nb5
44.Qd3 Ne5 45.Nxe5 Qxe5 46.Re2 Rb3  0-1

[Event "Moscow Region Spring GM"]
[Site "Serpukhov RUS"]
[Date "2009.05.02"]
[Round "2"]
[White "Bagrationi,A"]
[Black "Iljiushenok,I"]
[Result "1/2-1/2"]
[WhiteElo "2370"]
[BlackElo "2413"]

1.d4 Nf6 2.c4 e6 3.Nf3 b6 4.a3 Bb7 5.Nc3 d5 6.cxd5 Nxd5 7.Qc2 Be7 8.e4 Nxc3
9.bxc3 O-O 10.Bd3 c5 11.O-O Qc8 12.Qe2 Ba6 13.Bf4 Bxd3 14.Qxd3 Nd7 15.Rfc1 Rd8
16.a4 Qb7 17.d5 exd5 18.exd5 Bf6 19.Qc4 Rac8 20.Rd1 h6 21.h3 a6 22.Rab1 Qa7
23.Nh2 b5 24.axb5 Nb6 25.Qa2 a5 26.c4 a4 27.Ng4 Bd4 28.Be3 h5 29.Bxd4 hxg4
30.Ba1 gxh3 31.Rd3 h2+ 32.Kxh2 Qe7 33.Rg3 Qh4+ 34.Kg1 f6 35.Qc2 Qh7 36.Rc1 Qxc2
37.Rxc2 Kf7 38.Bb2 Re8 39.Re3 Rxe3 40.fxe3 Re8 41.Ba3 Re4 42.Bxc5 Rxc4 43.Rxc4 Nxc4
44.b6 Na5 45.Bb4 Nb7 46.Kf2 f5 47.Kf3 Kf6 48.Bc3+ Ke7 49.Bxg7 a3 50.Kf4 Nd6
51.Ba1 a2 52.Ke5 Nc4+ 53.Kxf5 Nxe3+ 54.Ke4 Nc4 55.b7 Nd6+ 56.Ke5 Nxb7 57.g4 Nd6
58.Kd4 Kf7 59.Kc5 Ne4+ 60.Kc6 Kg6  1/2-1/2

[Event "2nd Mayors Cup"]
[Site "Mumbai IND"]
[Date "2009.05.06"]
[Round "7"]
[White "Mehar,C"]
[Black "Sharma,Di"]
[Result "1/2-1/2"]
[WhiteElo "2241"]
[BlackElo "2382"]

1.d4 Nf6 2.Nf3 e6 3.c4 b6 4.a3 Bb7 5.Nc3 d5 6.cxd5 Nxd5 7.Qc2 Be7 8.e4 Nxc3
9.bxc3 O-O 10.Bd3 c5 11.O-O Qc7 12.Qe2 Nc6 13.Bb2 e5 14.d5 Na5 15.c4 f6 16.Nd2 Bc8
17.f4 Bd6 18.fxe5 Bxe5 19.Bxe5 Qxe5 20.Rae1 Bd7 21.Qe3 Rae8 22.Nf3 Qh5 23.e5 fxe5
24.Ng5 h6 25.Ne6 Bxe6 26.dxe6 Rxf1+ 27.Rxf1 Qg4 28.Be4 Nxc4 29.Qd3 Nd2 30.Qd7 Qxe4
31.Qxe8+ Kh7 32.Rd1 Qe3+ 33.Kh1 Ne4 34.h3 Nf2+ 35.Kh2 Qf4+ 36.Kg1 Nxh3+ 37.gxh3  1/2-1/2

[Event "Copenhagen Chess Challenge"]
[Site "Ballerup DEN"]
[Date "2009.05.07"]
[Round "2"]
[White "Vovk,Ok"]
[Black "Brauner,J"]
[Result "1/2-1/2"]
[WhiteElo "2142"]
[BlackElo "1916"]

1.d4 Nf6 2.c4 e6 3.Nf3 b6 4.a3 Bb7 5.Nc3 Be7 6.d5 d6 7.e4 e5 8.Bd3 O-O 9.O-O Nbd7
10.b4 c6 11.Bb2 Rc8 12.Nd2 Re8 13.g3 Nf8 14.f4 exf4 15.gxf4 Ng6 16.dxc6 Bxc6
17.Nd5 Bb7 18.Qf3 Kh8 19.Rae1 Nxd5 20.exd5 Bh4 21.Rxe8+ Qxe8 22.Qe4 Qd8 23.Nf3 Bf6
24.Bxf6 Qxf6 25.Ng5 Kg8 26.Re1 Rf8 27.Nh3 Bc8 28.f5 Nh4 29.Rf1 Bd7 30.Qf4 h6
31.Qg4 Re8 32.Rf4 Qa1+ 33.Rf1 Qf6 34.Rf4  1/2-1/2

[Event "Copenhagen Chess Challenge"]
[Site "Ballerup DEN"]
[Date "2009.05.10"]
[Round "9"]
[White "Pallesen,Ja"]
[Black "Brauner,J"]
[Result "1/2-1/2"]
[WhiteElo "2030"]
[BlackElo "1916"]

1.d4 Nf6 2.Nf3 e6 3.c4 b6 4.a3 Bb7 5.Nc3 d5 6.cxd5 exd5 7.Bg5 Be7 8.e3 Nbd7
9.Bd3 O-O 10.O-O c5 11.Qc2 Rc8 12.Rac1 Ne4 13.Bxe7 Qxe7 14.Qa4 a6  1/2-1/2

[Event "XXVIII Open"]
[Site "Zalakaros HUN"]
[Date "2009.05.14"]
[Round "7"]
[White "Csiszar,C"]
[Black "Medvegy,Z"]
[Result "1-0"]
[WhiteElo "2450"]
[BlackElo "2546"]

1.d4 Nf6 2.c4 e6 3.Nf3 b6 4.a3 Bb7 5.Nc3 g6 6.Qc2 Bg7 7.e4 d6 8.Bd3 Nbd7
9.b4 O-O 10.O-O c5 11.bxc5 dxc5 12.d5 exd5 13.exd5 b5 14.Rb1 bxc4 15.Bxg6 hxg6
16.Rxb7 Rb8 17.Rxa7 Qb6 18.Qa4 Qb3 19.Qa5 Qc2 20.Nb5 Qf5 21.d6 Nd5 22.Bd2 N7b6
23.Nc7 c3 24.Bc1 Bd4 25.Qb5 Nf4 26.Bxf4 Qxf4 27.Qd3 Nc8 28.Nd5 Qxd6 29.Rd7 Qxd7
30.Nf6+ Bxf6 31.Qxd7 Nb6 32.Qc6 Kg7 33.g4 Rfc8 34.Qe4 Re8 35.Qc2 Kg8 36.Rc1 Nd5
37.Qa4 Bg7 38.Ng5 Rbd8 39.Nf3 Nb6 40.Qb3 Nd5 41.Qc4 Nb6 42.Qxc5 Nd5 43.Qc4 Nb6
44.Qb3 Nd5 45.Re1 Rxe1+ 46.Nxe1 Nf4 47.h4 Be5 48.Qa4 Kh7 49.Kf1 Rd4 50.Qb3 Rd7
51.Nf3 Rc7 52.Ne1 Rd7 53.a4 Kg7 54.Nf3 Rc7 55.Qc2 f6 56.Ne1 Rd7 57.a5 Rd2
58.Qe4 Rd1 59.a6 Ra1 60.g5 Kf7 61.h5 gxh5 62.a7 c2 63.Qxc2 Ng6 64.Qb3+ Kf8
65.Qb8+ Bxb8 66.axb8=Q+ Kf7 67.Qb7+ Ne7 68.gxf6  1-0

[Event "TCh-ISR 2008-9"]
[Site "Israel ISR"]
[Date "2009.05.15"]
[Round "9"]
[White "Botvinnik,Il"]
[Black "Bruk,O"]
[Result "1/2-1/2"]
[WhiteElo "2363"]
[BlackElo "2456"]

1.d4 Nf6 2.Nf3 e6 3.c4 b6 4.a3 Bb7 5.Nc3 d5 6.Bg5 Be7 7.e3 O-O 8.cxd5 Nxd5
9.Bxe7 Qxe7 10.Nxd5 Bxd5 11.Rc1 c5 12.dxc5 bxc5 13.Bd3 Nd7 14.e4 Bb7  1/2-1/2

[Event "Subic Open"]
[Site "Subic PHI"]
[Date "2009.05.29"]
[Round "7"]
[White "Ghaem Maghami,E"]
[Black "Dao Thien Hai"]
[Result "1-0"]
[WhiteElo "2593"]
[BlackElo "2546"]

1.d4 Nf6 2.c4 e6 3.Nf3 b6 4.a3 Bb7 5.Nc3 d5 6.Bg5 Be7 7.Bxf6 Bxf6 8.cxd5 exd5
9.g3 O-O 10.Bg2 Re8 11.O-O Nd7 12.Rc1 c6 13.Re1 Nf8 14.e3 g6 15.b4 Ne6 16.Ne5 a6
17.f4 Rc8 18.Qb3 Rc7 19.Na4 c5 20.Nxb6 cxd4 21.Nxd5 Bxd5 22.Bxd5 Rxc1 23.Rxc1 Bxe5
24.fxe5 Qg5 25.Bxe6 fxe6 26.Re1 Qxe5 27.Qd3 dxe3 28.Rxe3 Qb5 29.Qxb5 axb5
30.Re5 Ra8 31.Rxe6 Rxa3 32.Rb6 Rb3 33.Rxb5 Rb2 34.Rb7 h6 35.b5 Kf8 36.b6 Ke8
37.h4 Kf8 38.Kf1 Ke8 39.Ke1 Kd8 40.Rb8+ Kd7 41.b7 Kc7 42.Rg8 g5 43.b8=Q+ Rxb8
44.Rxb8 Kxb8 45.hxg5 hxg5 46.Kf2 Kc7 47.Kf3 Kd6 48.Kg4  1-0

[Event "TOP 16 Poule Basse"]
[Site "Le Port Marly FRA"]
[Date "2009.05.31"]
[Round "11"]
[White "Dobrev,Nan"]
[Black "Frih,A"]
[Result "1-0"]
[WhiteElo "2366"]
[BlackElo "2088"]

1.d4 Nf6 2.Nf3 e6 3.c4 b6 4.a3 Bb7 5.Nc3 d5 6.cxd5 Nxd5 7.e4 Nxc3 8.bxc3 Bxe4
9.Ne5 a6 10.Qg4 Bb7 11.Bc4 Bd5 12.Bg5 Qd6 13.Bxd5 Qxd5 14.c4 Qb7 15.O-O Bd6
16.Rfe1 Bxe5 17.Rxe5 O-O 18.d5 Nd7 19.Re3 f5 20.Qh4 e5 21.Rh3 h6 22.Bxh6 gxh6
23.Qxh6 Kf7 24.Qe6+  1-0

[Event "12th IHEM"]
[Site "Hamburg GER"]
[Date "2009.06.01"]
[Round "3"]
[White "Sechting,M"]
[Black "Rosmann,I"]
[Result "0-1"]
[WhiteElo "2121"]
[BlackElo "2282"]

1.d4 Nf6 2.c4 e6 3.Nf3 b6 4.a3 Ne4 5.Nfd2 Nxd2 6.Nxd2 c5 7.d5 e5 8.e4 d6
9.Bd3 Be7 10.b4 Bg5 11.Nf1 Bxc1 12.Qxc1 O-O 13.Ng3 Qh4 14.Qe3 g6 15.O-O Nd7
16.b5 Nf6 17.Ne2 Bd7 18.Qg3 Qh6 19.f4 exf4 20.Nxf4 Rae8 21.Rae1 Re5 22.h3 Qg7
23.Bc2 g5 24.Nd3 Nxe4 25.Rxe4 Rxe4 26.Nxc5 dxc5 27.Bxe4 Qd4+ 28.Kh2 Qxe4
29.Qxg5+ Qg6 30.Qe7 Re8 31.Qxd7 Re2 32.Qg4 Qxg4 33.hxg4 Re4 34.Rc1 Rxg4 35.Rc3 Kf8
36.g3 Ke7 37.Kg2 Kd6 38.Kf3 f5 39.Rc1 Rd4 40.a4 h5 41.Ke3 Ke5 42.Rc3 Rg4
43.Kd2 Kd4 44.d6 Rg8 45.a5 Rd8 46.axb6 axb6 47.d7 Ke5 48.Re3+ Kf6 49.Re8 Rxd7+
50.Kc3 Rd6 51.Kc2 Kg5 52.Rg8+ Rg6 53.Rc8 f4 54.gxf4+ Kxf4 55.Rf8+ Kg3 56.Rc8 Kg4
57.Rc6 Kf5 58.Rc8 h4 59.Rf8+ Kg4 60.Kd3 h3 61.Ke4 h2 62.Rh8 Kg3 63.Kf5 Rg7
64.Kf6 Rg4 65.Kf5 Rh4 66.Rg8+ Kf2  0-1

[Event "3rd ENCI Limburg Open"]
[Site "Maastricht NED"]
[Date "2009.06.01"]
[Round "6"]
[White "Seip,R"]
[Black "Lagrain,J"]
[Result "1/2-1/2"]
[WhiteElo "2014"]
[BlackElo "2067"]

1.d4 Nf6 2.c4 e6 3.Nf3 b6 4.a3 Bb7 5.Nc3 Be7 6.d5 d6 7.e4 e5 8.Be2 O-O 9.O-O Nbd7
10.b4 g6 11.Bh6 Re8 12.Ne1 Kh8 13.Qd2 Ng8 14.Be3 Kg7 15.Nd3 h6 16.g3 Bc8
17.f4 Bf6 18.c5 bxc5 19.bxc5 dxc5 20.Nxc5 Nxc5 21.Bxc5 c6 22.fxe5 Bxe5 23.Bc4 cxd5
24.Bxd5 Be6 25.Bd4 Bxd5 26.Nxd5 Qd6 27.Qf2 Bxd4 28.Qxd4+ Qe5 29.Rad1  1/2-1/2

[Event "Maia Chiburdanidze Cup"]
[Site "Tbilisi GEO"]
[Date "2009.06.05"]
[Round "1"]
[White "Kuchava,A"]
[Black "Galojan,L"]
[Result "0-1"]
[WhiteElo "1922"]
[BlackElo "2323"]

1.d4 Nf6 2.c4 e6 3.Nf3 b6 4.a3 Ba6 5.Qb3 Be7 6.Nc3 d5 7.cxd5 exd5 8.Bg5 c6
9.Bxf6 Bxf6 10.e4 Bxf1 11.Rxf1 dxe4 12.Nxe4 O-O 13.O-O-O Be7 14.Kb1 Qd5 15.Qxd5 cxd5
16.Nc3 Rd8 17.Rfe1 Nc6 18.Ne5 Na5 19.b4 Rac8 20.Nb5 f6 21.Nxa7 Rc3 22.Nec6 Nxc6
23.Nxc6 Rxc6 24.Rxe7 f5 25.Rc1 Rg6 26.g3 f4 27.gxf4 Rg2 28.Rcc7 Rf8 29.Rcd7 h6
30.Rxd5 Rxf4 31.Rd8+ Kh7 32.Re2 Rxh2 33.d5 Rfxf2 34.Rxf2 Rxf2 35.d6 Rd2 36.Kc1 Rd5
37.d7 h5 38.Rb8 Rxd7 39.Rxb6 h4 40.Rc6 g5 41.b5 h3 42.Rc2 Rb7 43.a4 g4 44.Rh2 Ra7
45.b6 Rxa4 46.b7 Rc4+ 47.Kb1 Rb4+ 48.Rb2 Rxb7 49.Rxb7+ Kg6 50.Rb4 Kg5 51.Rb5+ Kh4
52.Kc2 h2 53.Rb1 g3 54.Kd2 g2 55.Ra1 g1=Q  0-1

[Event "TCh-BUL"]
[Site "Sunny Beach BUL"]
[Date "2009.06.08"]
[Round "1"]
[White "Dobrev,Nan"]
[Black "Lilov,V2"]
[Result "1/2-1/2"]
[WhiteElo "2366"]
[BlackElo "2411"]

1.d4 Nf6 2.Nf3 e6 3.c4 b6 4.a3 Bb7 5.Nc3 d5 6.Bg5 Be7 7.Bxf6 Bxf6 8.cxd5 exd5
9.Qa4+ c6 10.e3 O-O 11.Rc1 Re8 12.Be2 Nd7 13.O-O Nf8 14.Rfd1 g6 15.b4 a6
16.Qb3 Bg7 17.a4 Qd6 18.a5 b5 19.Na2 Nd7 20.Rc2 Bf8 21.Ne1 Qe6 22.Nc1 Bd6
23.Ned3 f5 24.Qc3 Rf8 25.Bf1 Rae8 26.Nb3 Qe7 27.Rdc1 Rf6 28.Qd2 Kh8 29.g3 g5
30.Bg2 h5 31.Qd1 Rh6 32.Rxc6 Bxc6 33.Rxc6 f4 34.exf4 gxf4 35.gxf4 Nf6 36.Nbc5 Rg8
37.f5 Ng4 38.h3 Bh2+ 39.Kf1 Rxc6 40.hxg4 Rxg4 41.Qf3 Rd6 42.Ne6 Qf6 43.Ndc5 Rc6
44.Qh3 Rh4 45.Qe3 Rc8 46.Nd7 Qxf5 47.Qh6+ Qh7 48.Qf6+ Kg8 49.Qg5+ Kh8 50.Qf6+ Kg8
51.Qg5+ Kh8 52.Qf6+ Kg8 53.Qg5+  1/2-1/2